header

White snow bright snow (Record no. 262786)

MARC details
000 -LEADER
fixed length control field 00216nam a22000977a 4500
020 ## - INTERNATIONAL STANDARD BOOK NUMBER
ISBN 059040989
100 ## - MAIN ENTRY--AUTHOR NAME
Personal name Alvin Tresselt
245 ## - TITLE STATEMENT
Title White snow bright snow
260 ## - PUBLICATION, DISTRIBUTION, ETC. (IMPRINT)
Place of publication New York
Name of publisher Scholastic
Year of publication 1947
942 ## - ADDED ENTRY ELEMENTS (KOHA)
Koha item type Long Loan Books
Holdings
Withdrawn status Lost status Collection code Home library Current library Shelving location Date acquired Accession Number Koha item type
    Fiction Rongo University Library Rongo University Library Children's Area 07/02/2024 CL2021315 Long Loan Books

© 2026 Rongo University
Contact us: librarian | system librarian | Rongo university